Statistics for The Impossible Disney Trivia Challenge

Click here to take the quiz!

General Stats

  • This quiz has been taken 668 times
  • The average score is 8 of 50

Answer Stats

HintAnswer% Correct
1. What color are Snow Whites shoes?Yellow
75%
2.What gift does Flora bestow on Princess Aurora?Beauty
63%
6. What is the name of Simba's home?Pride Rock
54%
11. What color is Belles favorite book?Red
43%
7. How many puppies did Pongo and Perdita have?15
41%
9. Pocahontas sings "how high does the _____ grow, if you cut it down you'll never know"sycamore
37%
24. Which princesses is the only one that has brothers?Merida
35%
15. When drawing Tarzan Jane seemed entranced with what part of his anatomy?His eyes
29%
23. What did Tiana cook with her dad?gumbo
28%
27. Who was the first Princess that married into her title?Cinderella
28%
12. What is the name of mulan's dog?Little brother
27%
34. When Anna and Elsa open up their kingdom for Elsa's coronation, there's a famous Disney Princess among the many guests in attendance. Which Princess is it?Rapunzel
26%
4. What was Cinderella doing when she was singing "sing sweet nightingale"?Washing the floor
24%
10. In the song under the sea what fish plays the harp?Carp
23%
22. What animal is the narrator of Robin Hood?Rooster
20%
3. Who was the first Native American princess?Tiger Lily
19%
45. What is the most common eye color among Disney ladies?Blue
17%
31. What was the first Disney Full Length Animated Feature that was based on actual historic events?Pocahontas
16%
18. What does Toulouse practice during "Scales and Arpeggios"?Painting
16%
5. What is the name of Bambi's love interest?Faline
16%
28. In The Sword in the Stone, what does Merlin call The Greatest Force on Earth?Love
15%
50. Who was Walt Disney's favorite Princess?Cinderella
13%
30. What nickname does Peter Pan give to Captain Hook?Codfish
12%
13. Hercules tries to skip a stone and hits and breaks a statue of who?Venus
11%
29. In Alice in Wonderland, what is the name of Alice's kitten?Dinah
11%
46. What animal was Mowgli raised by?Wolves
10%
41. We know Merida loves archery but which other Princess picks up a bow?Mulan
10%
21. In Alice in wonderland the dormouse sings what song?Twinkle twinkle little bat
9%
14. What competition does Quasimodo win?King of Fools
9%
26. In Dumbo what is the first animal you see after the opening credits?Stork
9%
35. And which princess camoed in Peter Pan?Ariel
8%
36. The line "I have a big head and little arms" comes from what movie?Meet the Robinsons
7%
20. In Lady and the Tramp what is the name of the dog that sing "He's a Tramp"?Peggy
7%
32. Eleanor Audley, the voice of Maleficent, provided the voice for what other Disney villain?Lady Tremaine
7%
8. Merlin beat Madam Mim by turning into what?A germ
6%
37. What did Kronk cook during the dinner where kuzco turned into a lama?Spinach puffs
5%
48. What is Meg's nickname for Hercules?Wonderboy
5%
17. Abu couldnt help but to break the rules in the cave of wonders and touches what?A Ruby
5%
44. Which Leading man/Prince was the first to be blonde?John Smith
5%
25. While at the pet shelter Lilo said she would like what kind of animal before Nani convinces her to get a dog?lobster
5%
38. What color does King Candy insist the throneroom is?Salmon
4%
43. What movie has a Princess named Eilonwy?The Black Cauldron
4%
33. In tangled what creature is the local pub named after?A Duckling
2%
39. Tiana has two jobs to save up to buy what, and turn it into a resterant?Sugar Mill
2%
49. Which country is Prince Naveen from?Maldonia
2%
42. What is Anna's favorite flower?Sunflower
2%
16. When Pinocchio is turning into a donkey, what was the first thing to change?His Laugh
1%
47. Who Has a tattoo on their face?Kida
1%
40. What is the name of the waterfall Merida drank from?Fire falls
1%
19. In Oliver in Company Georgette has a morning routine that startes with her doing what?Putting on eye shadow
1%

Score Distribution

Percentile by Number Answered

Percent of People with Each Score

Your Score History

You have not taken this quiz